| 000 | 00497nam a2200169 a 4500 | ||
|---|---|---|---|
| 005 | 20140412111320.0 | ||
| 008 | 001220s19uu xx 00 eng d | ||
| 020 | _a1-878624-43-1 | ||
| 050 |
_aER _bHa21 1992 |
||
| 100 | _aNayer, Judy | ||
| 245 |
_aThe happy little engine / _cby Judy Nayer ; pictures Roz Schanzer. |
||
| 260 |
_aNew York : _bMcClanahan Book Comp, _c1992. |
||
| 300 | _a1 v. (unp.) ; ill. | ||
| 440 | _aStorytime Books | ||
| 650 | _aTransportation -- Fiction | ||
| 999 |
_c104356 _d104356 |
||